[Event "Belgrade Trophy 36th"]
[Site "Belgrade"]
[Date "2023.11.25"]
[Round "1"]
[White "Chelushkina, Irina"]
[Black "Denic, Slavisa"]
[Result "1-0"]
[WhiteElo "2145"]
[BlackElo "1643"]
[PlyCount "34"]
[EventDate "2023.11.25"]
[EventType "swiss"]
[EventRounds "9"]
[EventCountry "SRB"]
[SourceTitle "CB49_2023"]
[SourceDate "2023.12.06"]
[SourceVersion "1"]
[SourceVersionDate "2023.12.06"]
[SourceQuality "1"]

1. g3 d5 2. Nf3 Nf6 3. Bg2 Bf5 4. c4 e6 5. Qb3 Qc8 6. Nc3 c6 7. Nh4 Bg6 8. d4 Na6 9. Nxg6 hxg6 10. a3 Be7 11. h4 Qd7 12. cxd5 Nxd5 13. e4 Nxc3 14. bxc3 Rb8 15. Bf4 Bd6 16. e5 Be7 17. 0-0 Qd8 1-0

[Event "SRB-ch (Women) 17th"]
[Site "Senta"]
[Date "2023.06.08"]
[Round "3"]
[White "Chelushkina, Irina"]
[Black "Eric, Jovana"]
[Result "1/2-1/2"]
[WhiteElo "2189"]
[BlackElo "2210"]
[PlyCount "65"]
[EventDate "2023.06.06"]
[EventType "tourn"]
[EventRounds "9"]
[EventCountry "SRB"]
[SourceTitle "CBM 214 Extra"]
[Source "ChessBase"]
[SourceDate "2023.07.31"]
[SourceVersion "1"]
[SourceVersionDate "2023.07.31"]
[SourceQuality "1"]

1. c4 e5 2. g3 Nf6 3. Bg2 Nc6 4. Nc3 Bb4 5. Nd5 Be7 6. d3 d6 7. Nf3 a5 8. 0-0 Nxd5 9. cxd5 Nb4 10. e4 0-0 11. a3 Na6 12. d4 Bg4 13. dxe5 dxe5 14. Qc2 Bd6 15. Nh4 Bd7 16. Be3 b6 17. Rfe1 Nc5 18. Bf1 a4 19. Bc4 g6 20. Bh6 Re8 21. Ng2 b5 22. Ba2 Qe7 23. Be3 b4 24. axb4 Na6 25. Bc4 Nxb4 26. Qe2 Rab8 27. Rec1 c6 28. Qd2 cxd5 29. exd5 Rec8 30. Be2 f6 31. h4 Qf7 32. Rc3 Kh8 33. Ba7 1/2-1/2

[Event "SRB-ch (Women) 17th"]
[Site "Senta"]
[Date "2023.06.06"]
[Round "1"]
[White "Manakova, Maria"]
[Black "Chelushkina, Irina"]
[Result "0-1"]
[WhiteElo "2146"]
[BlackElo "2189"]
[PlyCount "82"]
[EventDate "2023.06.06"]
[EventType "tourn"]
[EventRounds "9"]
[EventCountry "SRB"]
[SourceTitle "CBM 214 Extra"]
[Source "ChessBase"]
[SourceDate "2023.07.31"]
[SourceVersion "1"]
[SourceVersionDate "2023.07.31"]
[SourceQuality "1"]

1. e4 c5 2. Nf3 Nc6 3. d4 cxd4 4. Nxd4 Nf6 5. Nc3 e5 6. Ndb5 d6 7. Bg5 a6 8. Na3 b5 9. Nd5 Be7 10. Bxf6 Bxf6 11. c4 b4 12. Nc2 a5 13. Qf3 Be7 14. Rd1 0-0 15. Bd3 Be6 16. 0-0 Bg5 17. b3 Ra7 18. Qe2 Qc8 19. Kh1 Kh8 20. f3 Bxd5 21. exd5 Ne7 22. Qf2 Rb7 23. c5 Qxc5 24. Qxc5 dxc5 25. d6 Nc8 26. Bc4 Rd7 27. Rd5 Rxd6 28. Rxc5 Rd2 29. Ba6 Be7 30. Rc6 Rd6 31. Rxd6 Nxd6 32. Re1 f6 33. Ne3 Ra8 34. Bd3 g6 35. Nd5 Bd8 36. f4 Rc8 37. fxe5 fxe5 38. Kg1 Rc5 39. Ne3 Rc3 40. Bb1 Bb6 41. Kf2 e4 0-1

[Event "EU-ch (Women) 23rd"]
[Site "Petrovac"]
[Date "2023.03.25"]
[Round "7"]
[White "Bivol, Alina"]
[Black "Chelushkina, Irina"]
[Result "1-0"]
[WhiteElo "2365"]
[BlackElo "2207"]
[PlyCount "55"]
[EventDate "2023.03.18"]
[EventType "swiss"]
[EventRounds "11"]
[EventCountry "MNE"]
[SourceTitle "CBM 213 Extra"]
[Source "ChessBase"]
[SourceDate "2023.05.31"]
[SourceVersion "1"]
[SourceVersionDate "2023.05.31"]
[SourceQuality "1"]

1. e4 c5 2. Nf3 Nc6 3. Bb5 g6 4. 0-0 Bg7 5. c3 e5 6. d4 cxd4 7. cxd4 exd4 8. Bf4 Nge7 9. Bd6 0-0 10. Nbd2 a6 11. Bc4 b5 12. Bd5 Bb7 13. Nb3 Nxd5 14. Bxf8 Qxf8 15. exd5 Nb4 16. a3 Nxd5 17. Na5 Bc8 18. Re1 Nf4 19. Nxd4 Ne6 20. Qf3 Rb8 21. Nxe6 fxe6 22. Qg3 d6 23. Rad1 e5 24. Qd3 Rb6 25. Qd5+ Kh8 26. Rc1 Bd7 27. Rc7 Qe8 28. Rxd7 1-0

[Event "SRB-ch (Women) 16th"]
[Site "Bajina Basta"]
[Date "2022.12.12"]
[Round "7"]
[White "Chelushkina, Irina"]
[Black "Grozdanovic, Anastasia"]
[Result "1-0"]
[WhiteElo "2189"]
[BlackElo "2009"]
[PlyCount "71"]
[EventDate "2022.12.06"]
[EventType "tourn"]
[EventRounds "9"]
[EventCountry "SRB"]
[SourceTitle "CBM 211 Extra"]
[Source "ChessBase"]
[SourceDate "2023.01.31"]
[SourceVersion "1"]
[SourceVersionDate "2023.01.31"]
[SourceQuality "1"]

1. e4 c6 2. Nc3 d5 3. Nf3 g6 4. d4 Bg7 5. Be2 Bg4 6. exd5 cxd5 7. h3 Bxf3 8. Bxf3 Nf6 9. 0-0 0-0 10. Bg5 e6 11. Ne2 Nc6 12. c3 b5 13. a4 Qb6 14. axb5 Qxb5 15. Qa4 Rfb8 16. Qxb5 Rxb5 17. Ra6 Rc8 18. b4 Nd7 19. Nc1 e5 20. Be2 Rb6 21. dxe5 Bxe5 22. Na2 d4 23. Rxb6 axb6 24. b5 Na5 25. cxd4 Bxd4 26. Rd1 Nb3 27. Nb4 Nf6 28. Nc6 Nd5 29. Bc4 Nc3 30. Rxd4 Nxd4 31. Ne7+ Kg7 32. Nxc8 Ndxb5 33. Nxb6 Nd6 34. Bd3 f6 35. Be3 Na2 36. Bd2 1-0

[Event "SRB-ch (Women) 16th"]
[Site "Bajina Basta"]
[Date "2022.12.11"]
[Round "6"]
[White "Srdanovic, Jovana"]
[Black "Chelushkina, Irina"]
[Result "1/2-1/2"]
[WhiteElo "2190"]
[BlackElo "2189"]
[PlyCount "50"]
[EventDate "2022.12.06"]
[EventType "tourn"]
[EventRounds "9"]
[EventCountry "SRB"]
[SourceTitle "CBM 211 Extra"]
[Source "ChessBase"]
[SourceDate "2023.01.31"]
[SourceVersion "1"]
[SourceVersionDate "2023.01.31"]
[SourceQuality "1"]

1. d4 e6 2. c4 d5 3. Nc3 c5 4. cxd5 exd5 5. Nf3 Nc6 6. Bf4 Nf6 7. e3 c4 8. Be2 Bb4 9. 0-0 Bxc3 10. bxc3 Ne4 11. Qc2 Bf5 12. Qb2 0-0 13. Nd2 Nxd2 14. Qxd2 b5 15. f3 Re8 16. Rae1 a6 17. Bg3 Ra7 18. Kh1 Rb7 19. Bd1 Bd3 20. Rg1 Qa5 21. e4 dxe4 22. d5 Nd8 23. fxe4 Bxe4 24. d6 f5 25. Bf3 b4 1/2-1/2

[Event "SRB-ch (Women) 16th"]
[Site "Bajina Basta"]
[Date "2022.12.10"]
[Round "5"]
[White "Chelushkina, Irina"]
[Black "Drljevic, Ljilja"]
[Result "1-0"]
[WhiteElo "2189"]
[BlackElo "2175"]
[PlyCount "89"]
[EventDate "2022.12.06"]
[EventType "tourn"]
[EventRounds "9"]
[EventCountry "SRB"]
[SourceTitle "CBM 211 Extra"]
[Source "ChessBase"]
[SourceDate "2023.01.31"]
[SourceVersion "1"]
[SourceVersionDate "2023.01.31"]
[SourceQuality "1"]

1. e4 d6 2. d4 g6 3. Nc3 Bg7 4. g3 Nf6 5. Bg2 0-0 6. h3 Nbd7 7. Nge2 Rb8 8. a4 c5 9. Be3 b6 10. 0-0 a6 11. f4 cxd4 12. Bxd4 Bb7 13. g4 Nc5 14. Ng3 b5 15. g5 Nfd7 16. Bxg7 Kxg7 17. axb5 axb5 18. b4 Ne6 19. Nd5 Nc7 20. Ne3 e5 21. Qxd6 Ne6 22. f5 Nxg5 23. h4 Nxe4 24. Nxe4 Bxe4 25. Bxe4 Qxh4 26. Qxd7 Qxe4 27. f6+ Kh8 28. Qh3 Rbc8 29. Rf2 h5 30. Ra3 Qxb4 31. Rb3 Qd4 32. Rd3 Qe4 33. Qg2 Qh4 34. Nf5 Qxf6 35. Nd6 Qe6 36. Nxc8 Rxc8 37. Qg5 Kg8 38. Rf6 Qg4+ 39. Qxg4 hxg4 40. Rd7 Rf8 41. Rb6 Re8 42. Rbb7 f5 43. Rg7+ Kh8 44. Rh7+ Kg8 45. Rbg7+ 1-0

[Event "SRB-ch (Women) 16th"]
[Site "Bajina Basta"]
[Date "2022.12.09"]
[Round "4"]
[White "Manakova, Maria"]
[Black "Chelushkina, Irina"]
[Result "0-1"]
[WhiteElo "2201"]
[BlackElo "2189"]
[PlyCount "68"]
[EventDate "2022.12.06"]
[EventType "tourn"]
[EventRounds "9"]
[EventCountry "SRB"]
[SourceTitle "CBM 211 Extra"]
[Source "ChessBase"]
[SourceDate "2023.01.31"]
[SourceVersion "1"]
[SourceVersionDate "2023.01.31"]
[SourceQuality "1"]

1. e4 c5 2. Nf3 Nc6 3. d4 cxd4 4. Nxd4 e5 5. Nb5 d6 6. N1c3 a6 7. Na3 b5 8. Nd5 Be7 9. Be3 Rb8 10. c4 b4 11. Nc2 Nf6 12. Nxe7 Qxe7 13. Be2 0-0 14. Qd3 Be6 15. Bg5 h6 16. Bxf6 Qxf6 17. Qxd6 Rbc8 18. Qd2 Rfd8 19. Qe3 Nd4 20. Nxd4 exd4 21. Qd2 d3 22. Bf3 Rxc4 23. 0-0 Qd4 24. Rfd1 a5 25. b3 Rc3 26. Kf1 Qe5 27. g3 Bh3+ 28. Kg1 Qc5 29. Qf4 Rc2 30. Rd2 g5 31. Rxc2 dxc2 32. Qe3 Qxe3 33. fxe3 Rd2 34. g4 h5 0-1

[Event "SRB-chT 2nd League"]
[Site "Vrnjacka Banja"]
[Date "2022.11.07"]
[Round "5.5"]
[White "Chelushkina, Irina"]
[Black "Lalic, Bogdan"]
[Result "1/2-1/2"]
[WhiteElo "2173"]
[BlackElo "2404"]
[PlyCount "96"]
[EventDate "2022.11.04"]
[EventType "team-tourn"]
[EventRounds "11"]
[EventCountry "SRB"]
[SourceTitle "CBM 211 Extra"]
[Source "ChessBase"]
[SourceDate "2023.01.31"]
[SourceVersion "1"]
[SourceVersionDate "2023.01.31"]
[SourceQuality "1"]
[WhiteTeam "Krajisnik Krajina"]
[BlackTeam "Novi Sad Vojvodina"]
[WhiteTeamCountry "SRB"]
[BlackTeamCountry "SRB"]

1. e4 c5 2. Nf3 d6 3. c3 Nf6 4. d3 g6 5. Be2 Bg7 6. 0-0 0-0 7. a4 Nc6 8. Na3 h6 9. Rb1 e5 10. b4 d5 11. b5 Na5 12. Nd2 c4 13. dxc4 dxe4 14. Nc2 Qc7 15. Ne3 Be6 16. Qc2 Rac8 17. Ba3 Rfd8 18. Bb4 Bf8 19. Nxe4 Nxe4 20. Qxe4 f5 21. Bxa5 b6 22. Bxb6 axb6 23. Qc2 e4 24. Rfd1 Kg7 25. a5 bxa5 26. b6 Qb7 27. Nd5 Bc5 28. Rb5 Bxd5 29. cxd5 Rxd5 30. c4 Rxd1+ 31. Qxd1 Kf7 32. h4 Qc6 33. h5 Rb8 34. hxg6+ Kxg6 35. Bh5+ Kg5 36. Bf7 Rxb6 37. Qh5+ Kf6 38. Bd5 Qd6 39. Qxh6+ Ke7 40. Qg5+ Ke8 41. Qxf5 Rxb5 42. Qxe4+ Kd8 43. cxb5 a4 44. Kf1 Qf6 45. f4 Qb2 46. Ke1 Bb4+ 47. Kf1 Bc5 48. Ke1 Bb4+ 1/2-1/2

[Event "SRB-chT (Women)"]
[Site "Custica"]
[Date "2022.10.28"]
[Round "7.6"]
[White "Chelushkina, Irina"]
[Black "Bulmaga, Irina"]
[Result "0-1"]
[WhiteElo "2173"]
[BlackElo "2417"]
[PlyCount "110"]
[EventDate "2022.10.22"]
[EventType "team-tourn"]
[EventRounds "11"]
[EventCountry "SRB"]
[SourceTitle "EXT 2024"]
[Source "ChessBase"]
[SourceDate "2023.10.10"]
[SourceVersion "1"]
[SourceVersionDate "2023.10.10"]
[SourceQuality "1"]
[WhiteTeam "Belgrade Partizan (W)"]
[BlackTeam "Belgrade Rad (W)"]
[WhiteTeamCountry "SRB"]
[BlackTeamCountry "SRB"]

1. g3 e5 2. d4 exd4 3. Qxd4 Nf6 4. Bg2 d5 5. Nf3 Be7 6. 0-0 c5 7. Qd1 Nc6 8. c3 0-0 9. Na3 Be6 10. Nc2 h6 11. Nfe1 Qd7 12. Nd3 Bh3 13. Bxh3 Qxh3 14. f3 Bd6 15. Bf4 Bxf4 16. Nxf4 Qd7 17. e3 Rad8 18. Rf2 Rfe8 19. Qf1 g5 20. Ng2 b6 21. Rd1 Qe6 22. b3 Ne5 23. Nce1 Qh3 24. Rfd2 g4 25. f4 Nf3+ 26. Nxf3 gxf3 27. Qxf3 Ng4 28. Rxd5 Rxd5 29. Rxd5 Qxh2+ 30. Kf1 Qh1+ 31. Ke2 Nh2 32. Qf2 Qc1 33. Kd3 Qd1+ 34. Qd2 Qg1 35. Qe2 Re6 36. f5 Re8 37. f6 Re6 38. Rd8+ Kh7 39. Kc4 Qf1 40. Qxf1 Nxf1 41. Rd7 Rxf6 42. Rxa7 Nxg3 43. a4 h5 44. a5 bxa5 45. Rxa5 Rh6 46. Rxc5 h4 47. Nxh4 Rxh4+ 48. Kd3 Kg6 49. b4 Ne4 50. Rc6+ Kf5 51. b5 Rh2 52. Kc4 Rb2 53. Rh6 Ke5 54. Rb6 Rc2 55. Rb8 Rxc3+ 0-1

[Event "Belgrade Gligoric Memorial"]
[Site "Belgrade"]
[Date "2022.07.18"]
[Round "2"]
[White "Chelushkina, Irina"]
[Black "Spasic, Petar"]
[Result "0-1"]
[WhiteElo "2196"]
[BlackElo "2336"]
[PlyCount "64"]
[EventDate "2022.07.17"]
[EventType "swiss"]
[EventRounds "9"]
[EventCountry "SRB"]
[SourceTitle "CBM 209 Extra"]
[Source "ChessBase"]
[SourceDate "2022.09.30"]
[SourceVersion "1"]
[SourceVersionDate "2022.09.30"]
[SourceQuality "1"]

1. g3 d5 2. Nf3 g6 3. Bg2 Bg7 4. d4 Nf6 5. 0-0 0-0 6. a4 c5 7. c3 cxd4 8. Nxd4 e5 9. Nb3 Qc7 10. Na3 a6 11. Bg5 Ne4 12. Be3 Be6 13. f3 Nf6 14. Nc5 Bc8 15. Nd3 Nc6 16. b4 d4 17. cxd4 Nd5 18. Bd2 exd4 19. b5 axb5 20. axb5 Nce7 21. Kh1 Nf5 22. Rc1 Qd7 23. Qb3 Nfe3 24. Rfe1 Qe7 25. Nc2 Be6 26. Qb2 Nc4 27. Bb4 Nxb2 28. Bxe7 Nxd3 29. Bxf8 Nxc1 30. Bxg7 Kxg7 31. Nxd4 Rc8 32. e4 Nb4 0-1

[Event "Belgrade (Women) 53rd"]
[Site "Belgrade"]
[Date "2022.04.03"]
[Round "7"]
[White "Manakova, Maria"]
[Black "Chelushkina, Irina"]
[Result "1-0"]
[WhiteElo "2257"]
[BlackElo "2183"]
[PlyCount "95"]
[EventDate "2022.03.28"]
[EventType "tourn"]
[EventRounds "9"]
[EventCountry "SRB"]
[SourceTitle "CBM 207 Extra"]
[Source "ChessBase"]
[SourceDate "2022.05.31"]
[SourceVersion "1"]
[SourceVersionDate "2022.05.31"]
[SourceQuality "1"]

1. e4 g6 2. d4 Bg7 3. Nc3 c6 4. f4 d5 5. e5 a5 6. Nf3 Na6 7. a3 Nc7 8. Bd3 h5 9. 0-0 Nh6 10. Nh4 Bg4 11. Qe1 e6 12. Be3 Bf5 13. Nxf5 exf5 14. h3 Ne6 15. Ne2 Bf8 16. c4 Be7 17. cxd5 Qxd5 18. Rd1 0-0 19. Nc3 Qb3 20. Kh2 Rfd8 21. Be2 Nc7 22. Bf3 Kg7 23. Rd2 Ng8 24. Qd1 Qb6 25. Bf2 Nd5 26. Nxd5 cxd5 27. Rc2 a4 28. Qe2 Ra5 29. Rd1 Rb5 30. Rd3 h4 31. Re3 g5 32. fxg5 Bxg5 33. Rec3 Ne7 34. Rc5 Rb3 35. Be1 Qg6 36. R2c3 Rxc3 37. bxc3 Bf4+ 38. Kh1 Qg5 39. Rc7 Bc1 40. Qf2 Bxa3 41. Qxh4 f6 42. Rxb7 Rh8 43. exf6+ Qxf6 44. Qxf6+ Kxf6 45. Ra7 Bd6 46. Rxa4 Rb8 47. Ra6 Ke6 48. Rxd6+ 1-0

[Event "Belgrade (Women) 53rd"]
[Site "Belgrade"]
[Date "2022.03.31"]
[Round "4"]
[White "Chelushkina, Irina"]
[Black "Srdanovic, Jovana"]
[Result "1-0"]
[WhiteElo "2183"]
[BlackElo "2194"]
[PlyCount "73"]
[EventDate "2022.03.28"]
[EventType "tourn"]
[EventRounds "9"]
[EventCountry "SRB"]
[SourceTitle "CBM 207 Extra"]
[Source "ChessBase"]
[SourceDate "2022.05.31"]
[SourceVersion "1"]
[SourceVersionDate "2022.05.31"]
[SourceQuality "1"]

1. d4 d5 2. e3 Nf6 3. Bd3 c5 4. c3 Nc6 5. f4 g6 6. Nf3 Bg7 7. 0-0 Bf5 8. Be2 Ne4 9. Nbd2 cxd4 10. exd4 Nxd2 11. Bxd2 a6 12. Kh1 Qd7 13. b4 Na7 14. a4 Nc8 15. Qb3 0-0 16. Ne5 Qd8 17. Bf3 Be6 18. a5 b6 19. Qa2 f6 20. Nd3 Bf7 21. Rfe1 bxa5 22. bxa5 e6 23. Nc5 Re8 24. c4 e5 25. cxd5 exd4 26. Ne6 Qd6 27. Rac1 Na7 28. f5 gxf5 29. Bf4 Qb4 30. Rb1 Qc3 31. Rec1 Nb5 32. Rxc3 Nxc3 33. Qa1 Nxb1 34. Qxb1 Bxe6 35. dxe6 Rad8 36. Qxf5 d3 37. Bd2 1-0

[Event "SRB-ch (Women) 15th"]
[Site "Stara Planina"]
[Date "2021.12.10"]
[Round "5"]
[White "Drljevic, Ljilja"]
[Black "Chelushkina, Irina"]
[Result "0-1"]
[WhiteElo "2197"]
[BlackElo "2192"]
[PlyCount "82"]
[EventDate "2021.12.06"]
[EventType "tourn"]
[EventRounds "9"]
[EventCountry "SRB"]
[SourceTitle "CBM 205 Extra"]
[Source "ChessBase"]
[SourceDate "2022.01.31"]
[SourceVersion "1"]
[SourceVersionDate "2022.01.31"]
[SourceQuality "1"]

1. Nf3 d5 2. b3 c5 3. Bb2 Nc6 4. e3 Nf6 5. Bb5 Bd7 6. 0-0 e6 7. Bxc6 Bxc6 8. Ne5 Rc8 9. d3 Be7 10. Nd2 0-0 11. Nxc6 Rxc6 12. Nf3 Nd7 13. c4 Bf6 14. Qe2 Re8 15. Rfd1 Qc7 16. Bxf6 Nxf6 17. e4 d4 18. e5 Nd7 19. b4 cxb4 20. Re1 Rc5 21. Qe4 Rd8 22. Rab1 Ra5 23. Ng5 Nf8 24. Nf3 Qb6 25. Re2 h6 26. Reb2 Ra4 27. c5 Qxc5 28. Qxb7 a5 29. Nd2 Ra3 30. Qe4 Rc3 31. Nc4 Ng6 32. g3 Ne7 33. Qb7 Nf5 34. Qa6 Rb8 35. Rb3 Kh7 36. Nxa5 Qd5 37. Nc4 Ra8 38. Qb6 Rxa2 39. Qxb4 Rcc2 40. R3b2 Raxb2 41. Nxb2 Ne3 0-1